LEADER 02077nam a2200337 i 4500 001 000000149943 003 CaOOAMICUS 005 20210630140402.0 008 160810s1652 it u000 u fre u 013 $a127275 026 $aene- e-nt utur leDi (3) 1652 (R) 040 $aSeMil$bita 100 1 $aFrançois : de Sales,$c.$0(OLS)http://semarc/name/1031 245 14$aLes oevures du bien-heureux François de Sales, evesque et prince de Geneve, .. Reveuës, & tres-exactement corrigées sur les premiers & plus fideles exemplaires. Enrichies nouvellement de plusieurs emblémes & figures symboliques; .. acec un abbregé . 246 0 $aOeuvres de Sales 264 1$aA Paris :$bChez la vevue de Sebastine Huré et Sebastien Huré, ruë Saint Iacques, au Coeur-Bon,$c1652. 300 $a[40] p., 2308 [i.e. 2312] col., [148] p. ;$cfol. 500 $aAlcune parti di testo in italiano ed in latino 500 $aSegn.: a6 e6 i4 o4 A-5C6 5D8 5E-5X4 5Y6 500 $aTestate e iniz. calcogr. 500 $aTesto su due colonne 500 $aNumerosi errori nella numerazione delle colonne 500 $aMarca calcogr. n.c. (Cristo dormiente in un cuore: Ego dormio et cor meum vigilat. Cant. 5. Iniziali: SH) sul front. stampato in rosso e nero 700 1 $aHuré, Sébastien,$c.$0(OLS)http://semarc/name/59197 850 $aSeMil 852 $aSeMil$W1$xVenegono$y1$m3H VIII 1 FA$j102123$B102123$CSeMilBibl$Z2$F110779 $8I 961 $aAcquisto: Àncora (Libreria) 996 $6245$aLes oevures du bien-heureux François de Sales, evesque et prince de Geneve, .. Reveuës, & tres-exactement corrigées sur les premiers & plus fideles exemplaires. Enrichies nouvellement de plusieurs emblémes & figures symboliques; .. acec un abbregé .$9(OLS)http://semarc/title/219221 996 $6246$aOeuvres de Sales$9(OLS)http://semarc/title/219222 996 $6264$aA Paris :$bChez la vevue de Sebastine Huré et Sebastien Huré, ruë Saint Iacques, au Coeur-Bon$9(OLS)http://semarc/publisher/47910 LEADER 00997nam a2200205 i 4500 001 000000033057 003 CaOOAMICUS 005 20180830125450.0 008 180830s1867 it u000 u ita u 040 $aSeMil$bita 100 1 $aMarchesi, Luigi <1825-1872>.$0(OLS)http://semarc/name/15193 245 13$aLa liturgia gallicana ne' primi otto secoli della Chiesa :$bosservazioni storico-critiche di un sacerdote romano ... /$c[Luigi Marchesi]. 260 $aRoma :$bTipografia della Rev. Cam. Apostolica,$c1867. 300 $a2 v. ;$c25 cm. 650 4$aMessale gallicano.$0(OLS)http://semarc/subject/5293 650 4$aLiturgia gallicana.$0(OLS)http://semarc/subject/5294 774 0 $tTomo 1.$g1$w()83463 774 0 $tTomo 2.$g2$w()248406 996 $6245$aLa liturgia gallicana ne' primi otto secoli della Chiesa :$bosservazioni storico-critiche di un sacerdote romano ...$9(OLS)http://semarc/title/44753 996 $6260$aRoma :$bTipografia della Rev. Cam. Apostolica$9(OLS)http://semarc/publisher/38379